The one device : the secret history of the iPhone /

Describes how the inception of the iPhone has transformed society and skyrocketed Apple to the most valuable company in the world, detailing how the most current technological advances have become inseparable to everyday life.

Bibliographic Details
Main Author: Merchant, Brian (Author)
Format: Book
Language:English
Published: New York : Little, Brown and Company, 2017.
Edition:First edition.
Subjects:

MARC

Tag First Indicator Second Indicator Subfields
LEADER 00000cam a2200000Ii 4500
001 in00003884635
005 20170926131301.0
008 170607t20172017nyua b 001 0 eng d
010 |a  2017936790 
019 |a 960277837 
020 |a 9780316546164  |q (hardcover) 
020 |a 031654616X  |q (hardcover) 
024 8 |a 40027254680 
035 |a (OCoLC)ocn989120655 
040 |a PNX  |b eng  |e rda  |c PNX  |d OCLCO  |d FM0  |d IUK  |d YDX  |d BDX  |d GK8  |d IGA  |d UtOrBLW 
049 |a TXAM 
050 1 4 |a QA76.8.I64  |b M47 2017 
082 0 4 |a 004.1675  |2 23 
100 1 |a Merchant, Brian,  |e author.  |0 http://id.loc.gov/authorities/names/no2017078532 
245 1 4 |a The one device :  |b the secret history of the iPhone /  |c Brian Merchant. 
250 |a First edition. 
264 1 |a New York :  |b Little, Brown and Company,  |c 2017. 
264 4 |c ©2017 
300 |a 407 pages :  |b illustrations ;  |c 24 cm 
336 |a text  |b txt  |2 rdacontent 
337 |a unmediated  |b n  |2 rdamedia 
338 |a volume  |b nc  |2 rdacarrier 
504 |a Includes bibliographical references (pages 381-394) and index. 
505 0 |a Exploring new rich interactions -- A smarter phone -- Minephones -- Scratchproof -- Multitouched -- Prototyping -- Lion batteries -- Image stabilization -- Sensing motion -- Strong-ARMed -- Noise to signal -- Enter the iPhone -- Hey, Siri -- A secure enclave -- Designed in California, made in China -- Sellphone -- Black market -- The one device. 
520 |a Describes how the inception of the iPhone has transformed society and skyrocketed Apple to the most valuable company in the world, detailing how the most current technological advances have become inseparable to everyday life. 
610 2 0 |a Apple Computer, Inc.  |x History. 
650 0 |a iPhone (Smartphone)  |x History. 
650 0 |a Smartphones.  |0 http://id.loc.gov/authorities/subjects/sh2007006251 
650 7 |a BUSINESS & ECONOMICS / Industries / Computer Industry.  |2 bisacsh 
650 7 |a SCIENCE / History.  |2 bisacsh 
650 7 |a TECHNOLOGY & ENGINEERING / Electronics / Digital.  |2 bisacsh 
945 |b 159488 
947 |a A14850151037 
948 |a cataloged  |b h  |c 2017/7/5  |d c  |e ceaton  |f 10:43:31 am 
994 |a 92  |b TXA 
999 f f |s 361d2f20-5e48-3048-962d-5233c4706255  |i 57afd356-e1bb-3222-a887-0bd139bc4682  |t 0 
952 f f |p normal  |a Texas A&M University  |b College Station  |c Sterling C. Evans Library  |d Evans: Library Stacks  |t 0  |e QA76.8.I64 M47 2017  |h Library of Congress classification  |i unmediated -- volume  |m A14850151037 
998 f f |a QA76.8.I64 M47 2017  |t 0  |l Evans: Library Stacks